Largest Cities in Mississippi - Statistics

General Stats
  • This quiz has been taken 16 times
  • The average score is 8 of 15
Answer Stats
Population City % Correct
156,803 Jackson
100%
47,074 Hattiesburg
92%
72,468 Gulfport
77%
49,061 Biloxi
69%
35,625 Meridian
69%
37,872 Tupelo
69%
39,136 Olive Branch
46%
25,859 Oxford
46%
54,141 Southaven
46%
30,175 Greenville
38%
26,623 Horn Lake
23%
27,459 Madison
23%
27,017 Pearl
23%
24,887 Brandon
15%
27,830 Clinton
15%
No matching quizzes found
Score Distribution
Percent of People with Each Score
Percentile by Number Answered
Your Score History
You have not taken this quiz